000 00738nam a2200241 a 4500
001 ASIN8170218861
003 OSt
005 20180116192417.0
008 130730s2002 xxu eng d
020 _a8170218861 (paperback)
020 _a9788170218869 (paperback)
040 _c00
100 1 _aLin, Jami.
_96842
245 1 0 _aFeng shui today /
_cJami Lin.
250 _aNew edition.
260 _aDelhi :
_bJain (B.) Publishers (P) Ltd ,India,
_c1995.
300 _a300 p.
650 _aNatural science.
_96843
650 _aIntuition.
_96844
856 4 0 _3Amazon.com
_uhttp://www.amazon.com/exec/obidos/ASIN/8170218861/chopaconline-20
942 _2ddc
_cBK
999 _c353769
_d353769